Data structures algorithms and application in C++ (Record no. 5062)

MARC details
000 -LEADER
fixed length control field 00517nam a2200169Ia 4500
003 - CONTROL NUMBER IDENTIFIER
control field SGT
020 ## - INTERNATIONAL STANDARD BOOK NUMBER
International Standard Book Number 9788173715228
082 ## - DEWEY DECIMAL CLASSIFICATION NUMBER
Classification number 5.133
Item number SAH
100 ## - MAIN ENTRY--PERSONAL NAME
Personal name Sahni,Sartaj
245 ## - TITLE STATEMENT
Title Data structures algorithms and application in C++
250 ## - EDITION STATEMENT
Edition statement 2nd Ed.
260 ## - PUBLICATION, DISTRIBUTION, ETC. (IMPRINT)
Name of publisher, distributor, etc University Press
Place of publication, distribution, etc N.Delhi
Year of Publication 2008
300 ## - PAGE DESCRIPTION
No. of Pages 790p.
650 ## - SUBJECT ADDED ENTRY--TOPICAL TERM
Topical term or geographic name as entry element COMPUTER SCIENCE
653 ## - KEYWORDS--INDEX TERM
Keyword term C++ REVIEW, PERFORMANCE ANALYSIS, ASYMPTOTIC NOTATION, PERFORMANCE MEASUREMENT, ARRAYS AND MATRICES,BINARY AND OTHER TREES
942 ## - ADDED ENTRY ELEMENTS (KOHA)
Source of classification or shelving scheme Dewey Decimal Classification
Koha item type Books
942 ## - ADDED ENTRY ELEMENTS (KOHA)
-- 22
Holdings
Withdrawn status Lost status Source of classification or shelving scheme Damaged status Not for loan Home library Current library Date acquired SGTU Total Checkouts Full call number Accession No. (Barcode) Date last seen Date last borrowed Bill Date Koha item type Total Renewals
    Dewey Decimal Classification     SGT Engineering Library SGT Engineering Library 14/05/2010 SGTU 4 5.133 SAH FE2408 11/10/2022 27/09/2022 09/02/2015 Books  
    Dewey Decimal Classification     SGT Engineering Library SGT Engineering Library 14/05/2010 SGTU 2 5.133 SAH FE2409 16/01/2023 03/01/2023 09/02/2015 Books  
    Dewey Decimal Classification     SGT Engineering Library SGT Engineering Library 15/05/2010 SGTU 3 5.133 SAH FE2597 16/05/2025 23/04/2025 09/02/2015 Books  
    Dewey Decimal Classification     SGT Engineering Library SGT Engineering Library 21/09/2011 SGTU   5.133 SAH FE3964 09/02/2015   09/02/2015 Books  
    Dewey Decimal Classification     SGT Engineering Library SGT Engineering Library 21/09/2011 SGTU 3 5.133 SAH FE3965 21/02/2022 18/02/2022 09/02/2015 Books 1
    Dewey Decimal Classification     SGT Engineering Library SGT Engineering Library 21/09/2011 SGTU 3 5.133 SAH FE3966 08/11/2021 21/10/2021 09/02/2015 Books  
    Dewey Decimal Classification     SGT Engineering Library SGT Engineering Library 21/09/2011 SGTU 1 5.133 SAH FE3967 22/09/2021 10/09/2021 09/02/2015 Books  
    Dewey Decimal Classification     SGT Engineering Library SGT Engineering Library 21/09/2011 SGTU 5 5.133 SAH FE3968 23/05/2025 15/05/2025 09/02/2015 Books  
    Dewey Decimal Classification     SGT Engineering Library SGT Engineering Library 06/09/2012 SGTU 1 5.133 SAH FE5442 13/11/2021 23/09/2021 09/02/2015 Books  
    Dewey Decimal Classification     SGT Engineering Library SGT Engineering Library 06/09/2012 SGTU 2 5.133 SAH FE5443 03/10/2022 27/09/2022 09/02/2015 Books  
    Dewey Decimal Classification     SGT Engineering Library SGT Engineering Library 06/09/2012 SGTU 9 5.133 SAH FE5444 01/12/2025 17/11/2025 09/02/2015 Books  
    Dewey Decimal Classification     SGT Engineering Library SGT Engineering Library 06/09/2012 SGTU 5 5.133 SAH FE5445 01/08/2025 01/08/2025 09/02/2015 Books 2